| 000 | 01221nam a2200313 i 4500 | ||
|---|---|---|---|
| 003 | EG-GICUC | ||
| 005 | 20260121101400.0 | ||
| 008 | 251129s1964 ua ||||fr|||| 00| 0 ara d | ||
| 040 |
_a EG-GICUC _bara _c EG-GICUC _d EG-GICUC _erda |
||
| 041 | 0 | _aara | |
| 082 | 0 | 4 |
_221 _a343.3062 _bم ح . ق |
| 092 | 0 | 4 | _221 |
| 099 | _aLaw1 10 343.3062 م ح . ق 17 ed - 1964 | ||
| 100 | 0 |
_a محمد محيى الدين عوض _eمؤلف. |
|
| 245 | 1 | 2 |
_aالقانون الجنائي. _nالجزء الأول، _bإجراءاته في التشريعين المصرى والسوداني / _cالدكتور محمد محيى الدين عوض . |
| 250 | _aالطبعة السادسة عشر | ||
| 250 | _aالطبعة السابعة عشر | ||
| 264 | 1 |
_aالقاهرة : _b[الناشر غير محدد]، _c1964. |
|
| 300 |
_a650 صفحة ؛ _c24 سم. |
||
| 336 |
_2rda content _atext |
||
| 337 |
_2rda media _aComputer |
||
| 338 |
_2rda carrier _aOnline Resource |
||
| 546 | _aالنص باللغة العربية | ||
| 650 | 1 | 4 | _aسلطة التحقيق |
| 650 | 1 | 4 | _aالقانون الجنائي |
| 856 | 4 | 0 | _uhttps://fll.law.cu.edu.eg/fulltext/bks/B10-05477.pdf |
| 905 |
_a77 _eHassnaa |
||
| 942 |
_2ddc _cBK _e21 _n0 |
||
| 999 |
_c46957 _d46957 |
||